01098cam a22003374i 4500003000900000005001700009008004100026035001800067040003300085082001900118110003100137245016000168264006400328300003900392336002100431337002500452338002300477505013000500526001000630526001000640526001000650526001000660526000800670526000800678526000800686526000800694526000800702526000800710526000800718630003400726PE-LiUPU20250731173449.0150616s1984 miu r 000 0 eng d a(Sirsi) a6311 aPE-LiUPUbspacPE-LiUPUerda04a220.5bZ852212 aZondervan Publishing House14aThe Comparative Study Bible :ba parallel bible presenting the New International Version, New American Standard Bible, Amplified Bible, King James Version. 1aGrand Rapids, Michigan :bThe Zondervan Corporation,c1984. a3103 páginas ;c24 centímetros atext2rdacontent aunmediated2rdamedia avolume2rdacarrier0 aComparación bíblica de versiones: King James -- The Amplified Bible -- New Amercan Standard -- New International version. aSEG42 aSEG41 aSEG40 aSEG39 aP94 aP87 aP86 aP85 aP77 aP76 aP35 aBiblia.lInglésxVersiones.